000
00330nam a2200133Ia 4500
008
220204s9999 xx 000 0 und d
082
_a
681.31CAD
_b
OMU
100
_a
Omura, G
245
0
_a
Mastering autocad 13 for windows
250
_a
Ed.2
260
_a
New Delhi
_b
BPB Publications
_c
1997
650
_a
Imaging 3D
942
_c
BK
999
_c
41405
_d
41405